Central Library OPAC University of Rajshahi

Society and thought in America / (Record no. 23000)

MARC details
000 -LEADER
fixed length control field 01015nam a22002651a 4500
001 - CONTROL NUMBER
control field 23000
003 - CONTROL NUMBER IDENTIFIER
rucl marc code BD-RjUL
005 - DATE AND TIME OF LATEST TRANSACTION
control field 20211209000900.0
008 - FIXED-LENGTH DATA ELEMENTS--GENERAL INFORMATION
fixed length control field 140310s1950 nyua b 001 0 eng
035 ## - SYSTEM CONTROL NUMBER
System control number (BD-RjUL)23065
040 ## - CATALOGING SOURCE
Original cataloging agency DLC
Transcribing agency ODaWU
Modifying agency OCoLC
-- MnHi
-- Uk
-- DLC
-- BD-RjUL
Language of cataloging eng
041 ## - LANGUAGE CODE
Language code of text/sound track or separate title eng
082 ## - DEWEY DECIMAL CLASSIFICATION NUMBER
Classification number 917.3
Author mark and year WIS 1950
Edition number 23
100 1# - MAIN ENTRY--PERSONAL NAME
Personal name Wish, Harvey,
Dates associated with a name 1909-
9 (RLIN) 70953
245 10 - TITLE STATEMENT
Title Society and thought in America /
Statement of responsibility, etc. Harvey Wish.
250 ## - EDITION STATEMENT
Edition statement 1st ed.
260 ## - PUBLICATION, DISTRIBUTION, ETC. (IMPRINT)
Place of publication, distribution, etc. New York :
Name of publisher, distributor, etc. Longmans, Green,
Date of publication, distribution, etc. 1950.
300 ## - PHYSICAL DESCRIPTION
Pagination xii, 612 p. :
Illustrations ill. ;
Size 22 cm.
504 ## - BIBLIOGRAPHY, ETC. NOTE
Bibliography, etc Includes bibliographies and indexes.
505 0# - FORMATTED CONTENTS NOTE
Formatted contents note v. 1. Society and thought in early America : a social and intellectual history of the American people through 1865 -- v. 2. Society and thought in modern America : a social and intellectual history of the American people from 1865.
651 #0 - SUBJECT ADDED ENTRY--GEOGRAPHIC NAME
Geographic name United States
General subdivision Civilization.
9 (RLIN) 70954
Geographic name United States
General subdivision Intellectual life.
9 (RLIN) 70955
942 ## - ADDED ENTRY ELEMENTS (KOHA)
Source of classification or shelving scheme Dewey Decimal Classification
Koha item type Books
Holdings
Lost status Source of classification or shelving scheme Damaged status Not for loan Collection code Permanent Location Current Location Shelving location Date acquired Source of acquisition Total Checkouts Full call number Date last seen Copy number Koha item type
  Dewey Decimal Classification   Added to bundle Non-fiction Central Library, University of Rajshahi Central Library, University of Rajshahi Reading Room 26/02/1958 USIS, Dhaka   917.3 WIS 1950 10/03/2014 C-1 Books
  Dewey Decimal Classification     Non-fiction Central Library, University of Rajshahi Central Library, University of Rajshahi   24/02/1985 Asia foundation   917.3 WIS 1950 25/09/2016 C-2 Books